01183 a2200241 450000100060000002000180000604000240002410000350004824000320008324500270011530000070014236200090014965000310015894200070018995201040019695201040030095201040040495201040050895201040061295201040071695201040082099900170092413690 a9788587607751 cAnchieta - Aquarius aBittencourt, Maria Nadja Nunes10aA menina do dente molelpor10aA menina do dente mole a360 a2011 4aLiteratura infanto-juvenil cBK 00104070a87.1b87.1d2023-11-21l0o028.5 BIT MENp5213/AQUr2023-11-21 15:13:42w2023-11-21yBK 00104070a87.1b87.1d2023-11-21l0o028.5 BIT MENp5580/AQUr2023-11-21 15:13:42w2023-11-21yBK 00104070a87.1b87.1d2023-11-21l0o028.5 BIT MENp5994/AQUr2023-11-21 15:13:42w2023-11-21yBK 00104070a88.1b88.1d2023-11-21l0o028.5 BIT MENp3760/ITAr2023-11-21 20:05:23w2023-11-21yBK 00104070a88.1b88.1d2023-11-21l0o028.5 BIT MENp5137/ITAr2023-11-21 20:05:23w2023-11-21yBK 00104070a88.1b88.1d2023-11-21l0o028.5 BIT MENp5138/ITAr2023-11-21 20:05:23w2023-11-21yBK 00104070a88.1b88.1d2023-11-21l0o028.5 BIT MENp5256/ITAr2023-11-21 20:05:23w2023-11-21yBK c13690d13690